000 00274nam a22001217a 4500
008 170505b xxu||||| |||| 00| 0 eng d
041 _aeng
080 _22 ED
_a343.9
100 _a14
101 _aSHJ
245 _aCRIMINAL LAW ACTION
_cCHAMBLISS.W.J
942 _2udc
_cBK
999 _c12834
_d12834